Propuestas para el fortalecimiento fiscal de los departamentos / (Registro nro. 10436)

Detalles MARC
000 -LEADER
fixed length control field 01244nam a2200265Ia 4500
003 - CONTROL NUMBER IDENTIFIER
control field OSt
005 - DATE AND TIME OF LATEST TRANSACTION
control field 20221207082839.0
008 - FIXED-LENGTH DATA ELEMENTS--GENERAL INFORMATION
fixed length control field 210310s2009 ck o gr 000 0 spa d
020 ## - INTERNATIONAL STANDARD BOOK NUMBER
International Standard Book Number 9789589916209
040 ## - CATALOGING SOURCE
Original cataloging agency CO-JMCR
Transcribing agency CO-JMCR
041 0# - LANGUAGE CODE
Language code of text/sound track or separate title spa
082 04 - DEWEY DECIMAL CLASSIFICATION NUMBER
Edition number 23
Classification number 350.724 /
Item number H558p
100 1# - MAIN ENTRY--PERSONAL NAME
Personal name Hernández Gamarra, Antonio,
Relator term autor
9 (RLIN) 9160
245 10 - TITLE STATEMENT
Title Propuestas para el fortalecimiento fiscal de los departamentos /
Statement of responsibility, etc. Antonio Hernández Gamarra, Guillermo Perry Rubio, Luis Bernardo Florez Enciso
260 ## - PUBLICATION, DISTRIBUTION, ETC.
Place of publication, distribution, etc. Bogotá :
Name of publisher, distributor, etc. Comisión de Alto Nivel para el Fortalecimiento Fiscal de los Departamentos,
Date of publication, distribution, etc. 2008
300 ## - PHYSICAL DESCRIPTION
Extent 395 páginas ;
Dimensions 25 cm
440 ## - SERIES STATEMENT/ADDED ENTRY--TITLE
Title 0
9 (RLIN) 22804
505 0# - FORMATTED CONTENTS NOTE
Formatted contents note Resumen ejecutivo -- Fortalecimiento de las competencias departamentales -- Objetivos y lineamientos del código tributario departamental -- Fortalecimiento de las finanzas departamentales -- Ahorro, distribución y utilización de las regalias -- Monopolios rentísticos
650 14 - SUBJECT ADDED ENTRY--TOPICAL TERM
Topical term or geographic name entry element Impuestos
9 (RLIN) 22805
Geographic subdivision Colombia
650 24 - SUBJECT ADDED ENTRY--TOPICAL TERM
Topical term or geographic name entry element Administración municipal
Geographic subdivision Colombia
9 (RLIN) 9327
650 24 - SUBJECT ADDED ENTRY--TOPICAL TERM
Topical term or geographic name entry element Derecho fiscal
Geographic subdivision Colombia
9 (RLIN) 8409
700 1# - ADDED ENTRY--PERSONAL NAME
Personal name Perry Rubio, Guillermo,
Relator term autor
9 (RLIN) 37447
700 1# - ADDED ENTRY--PERSONAL NAME
Personal name Florez Enciso, Luis Bernardo,
Relator term autor
9 (RLIN) 7120
942 ## - ADDED ENTRY ELEMENTS (KOHA)
Source of classification or shelving scheme Dewey Decimal Classification
Koha item type Books
Existencias
Withdrawn status Lost status Source of classification or shelving scheme Damaged status Not for loan Home library Current library Date acquired Full call number Barcode Date last seen Copy number Price effective from Koha item type
    Dewey Decimal Classification     Biblioteca Pública José María del Castillo y Rada Biblioteca Pública José María del Castillo y Rada 03/10/2021 350.724 / H558p 430009869 05/16/2024 Ej.1 03/10/2021 Books